Factibilidad de uso del método de columnas de grava en Costa Rica para mejoramiento de suelos
Kaydedildi:
| Yazar: | |
|---|---|
| Materyal Türü: | Kitap |
| Baskı/Yayın Bilgisi: |
[San José, Costa Rica]
2006
|
| Konular: | |
| Etiketler: |
Etiketle
Etiket eklenmemiş, İlk siz ekleyin!
|
MARC
| LEADER | 00000nam a2200000Ia 4500 | ||
|---|---|---|---|
| 003 | 009928 | ||
| 005 | 20221231144108.0 | ||
| 008 | 140114s2006 cr a 000 ||s d | ||
| 040 | |c cru CEDI | ||
| 090 | |a TFG 5455 | ||
| 100 | |a Morales Ramírez, Alberto |9 4863 | ||
| 245 | |a Factibilidad de uso del método de columnas de grava en Costa Rica para mejoramiento de suelos | ||
| 260 | |c 2006 |b [San José, Costa Rica] | ||
| 300 | |a xiii, 175, [11] hojas; ilustraciones a color | ||
| 500 | |a Tesis (licenciatura en ingeniería civil)--Universidad de Costa Rica. Escuela de Ingeniería Civil | ||
| 650 | |x MECANICA DE SUELOS |x COLUMNAS DE HORMIGON |9 4864 | ||
| 942 | |c TFG | ||
| 999 | |c 16820 |d 16820 | ||
